| 000 | 00619nam#a2200229#c#4500 | ||
|---|---|---|---|
| 003 | IEF | ||
| 005 | 20180219151944.0 | ||
| 008 | 950907s1979 uuu####fr####| 0||u| |u | ||
| 040 | _aIEF | ||
| 100 | 1 |
_aSumption, Anthony _942726 |
|
| 245 | _aTaxation of overseas income and gains | ||
| 250 | _a3rd. ed. | ||
| 260 |
_aLondon _b Butterworths _c1979 |
||
| 300 |
_aXVI, 191 p. _c 21 cm. |
||
| 500 | _aContiene índices | ||
| 650 | 4 |
_aIMPUESTO SOBRE LA RENTA DE LAS PERSONAS FISICAS _950199 |
|
| 650 | 4 |
_aREINO UNIDO _948241 |
|
| 650 | 4 |
_aRENTAS EXTRANJERAS _948268 |
|
| 942 | _cLIB | ||
| 942 | _z78936 | ||
| 999 |
_c19944 _d19944 |
||